000 00355nam a2200133Ia 4500
005 20260328104345.0
008 260328s9999||||xx |||||||||||||| ||und||
100 _aKeller, Suzanne
245 4 _aThe Urban Neighborhood :
_b a sociological perspective /
_cSuzanne Keller
260 _bRandom house
300 _a201 p.
650 _aURBANISMO
942 _cBK
999 _c12274
_d12274